[Event "PRO League Central 2017"]
[Site "chess.com INT"]
[Date "2017.01.11"]
[Round "1"]
[White "Meier, Georg"]
[Black "Spoelman, Wouter"]
[Result "0-1"]
[WhiteTitle "GM"]
[BlackTitle "GM"]
[WhiteElo "2630"]
[BlackElo "2584"]
[WhiteTeam "Stockholm Snowballs"]
[BlackTeam "Amsterdam Mosquitos"]
[WhiteFideId "4675789"]
[BlackFideId "1010891"]
[EventDate "2017.01.11"]

1. Nf3 d5 2. g3 Nf6 3. Bg2 c6 4. O-O Bg4 5. h3 Bh5 6. c4 e6 7. d3 Nbd7 8. cxd5
exd5 9. Nc3 Bc5 10. Qb3 Qb6 11. Qc2 Qc7 12. e3 O-O 13. Ne2 Bd6 14. Nf4 Bg6 15.
Bd2 a5 16. Bc3 Rfe8 17. Rfe1 a4 18. b4 axb3 19. axb3 Ne5 20. b4 Nfd7 21. Nd4 Qb6
22. Reb1 Rxa1 23. Rxa1 Nf8 24. h4 h5 25. b5 Bh7 26. bxc6 bxc6 27. Nf3 Nfd7 28.
Bd4 Qb5 29. Rd1 Nxf3+ 30. Bxf3 Bxf4 31. exf4 c5 32. Be3 c4 33. Be2 Nc5 34. Bxc5
Qxc5 35. Bxh5 Qe7 36. Qc3 Bxd3 37. Bf3 Rd8 38. Qd4 Qf6 39. Qc5 d4 40. Kg2 Qd6
41. Qb5 Rb8 42. Qa4 Qc5 43. Qd7 c3 44. Bd5 Rf8 45. Re1 Bb5 46. Qb7 Bc4 47. Bxc4
Qxc4 48. f5 c2 49. Rc1 d3 50. Qd7 Qc3 51. f6 d2 52. fxg7 Rc8 53. Ra1 Qc6+ 0-1

[Event "PRO League Central 2017"]
[Site "chess.com INT"]
[Date "2017.01.11"]
[Round "1"]
[White "Meier, Georg"]
[Black "Kleijn, Christov"]
[Result "1-0"]
[WhiteTitle "GM"]
[BlackTitle "IM"]
[WhiteElo "2630"]
[BlackElo "2437"]
[WhiteTeam "Stockholm Snowballs"]
[BlackTeam "Amsterdam Mosquitos"]
[WhiteFideId "4675789"]
[BlackFideId "1013564"]
[EventDate "2017.01.11"]

1. Nf3 Nf6 2. g3 g6 3. Bg2 Bg7 4. O-O O-O 5. d4 d6 6. b3 Nc6 7. Bb2 e5 8. dxe5
Ng4 9. Qd2 Ngxe5 10. c4 Bd7 11. Nc3 Re8 12. Nd5 Nxf3+ 13. exf3 Be6 14. Bxg7 Kxg7
15. Qc3+ f6 16. Rac1 Rc8 17. f4 Bxd5 18. Bxd5 Qd7 19. c5 dxc5 20. Qxc5 Nd8 21.
Rfd1 b6 22. Qa3 c5 23. Qa6 Qc7 24. b4 Ne6 25. Bb3 Re7 26. Bxe6 Rxe6 27. Rxc5
Re1+ 28. Rxe1 bxc5 29. bxc5 Qxc5 30. Qd3 Rc7 31. Qd8 Rf7 32. Qe8 Qd5 33. a4 Qd6
34. h4 Qc5 35. Kg2 Qd5+ 36. Qe4 Qxe4+ 37. Rxe4 Rd7 38. Re6 Kf7 39. Ra6 h5 40.
Kf3 f5 41. Ke3 Kg7 42. a5 Kf7 43. Rc6 Kg7 44. Rc4 Kh6 45. Rd4 Rb7 46. Rd6 Rb3+
47. Kd4 Rb2 48. Ra6 Rxf2 49. Rxa7 Rf3 50. a6 Rxg3 51. Rc7 Rf3 52. Ke5 Re3+ 53.
Kd5 Ra3 54. a7 g5 55. fxg5+ Kg6 56. Kc6 f4 57. Kb7 1-0

[Event "PRO League Central 2017"]
[Site "chess.com INT"]
[Date "2017.01.11"]
[Round "1"]
[White "Kigigha, Bomo"]
[Black "Tan, Justin2"]
[Result "1/2-1/2"]
[WhiteTitle "FM"]
[BlackTitle "IM"]
[WhiteElo "2339"]
[BlackElo "2451"]
[WhiteTeam "Abuja Rockstars"]
[BlackTeam "London Lions"]
[WhiteFideId "8500037"]
[BlackFideId "3206882"]
[EventDate "2017.01.11"]

1. c4 e6 2. Nf3 d5 3. g3 Nf6 4. Bg2 Be7 5. b3 O-O 6. Bb2 a5 7. a3 a4 8. b4 dxc4
9. Nc3 c5 10. b5 Nd5 11. Nxa4 Bd7 12. Nc3 Nxc3 13. Bxc3 Bxb5 14. Qb1 Bc6 15. O-O
Nd7 16. Qb2 Bf6 17. Rfb1 b5 18. Ne1 Bxg2 19. Nxg2 Bxc3 20. Qxc3 Qa5 21. Qc2 Rfd8
22. Rb2 Ne5 23. Rab1 Rab8 24. Qc3 Qxc3 25. dxc3 Ra8 26. Rxb5 Rxa3 27. Rxc5 Rb3
28. Rc1 f6 29. f4 Ng4 30. h3 Nh6 31. Rxc4 Rb2 32. Kf2 Rdd2 33. Re1 Nf5 34. Rc6
Nd6 35. Ne3 Rb3 36. Rd1 Ne4+ 37. Kf3 Rxd1 38. Nxd1 f5 39. Rxe6 Nxc3 40. Re3 Ne4
41. Rxb3 Nd2+ 42. Ke3 Nxb3 43. Kd3 Kf7 44. Kc4 Nd2+ 45. Kd3 Ne4 46. Ne3 Nxg3 47.
Nc4 Ne4 48. Ke3 Kf6 49. Kf3 h6 50. h4 Kg6 51. Ne3 Nd6 52. Kg3 Kh5 53. Nf1 Ne4+
54. Kh3 Kg6 55. Ng3 Nf2+ 56. Kg2 Ng4 57. Kf3 Nh2+ 58. Kg2 Ng4 59. Kf3 Nf6 60.
Kg2 Nd5 61. Kf3 Nf6 62. Kg2 Nd5 63. Kf3 Ne7 64. e4 fxe4+ 65. Kxe4 Kf6 66. Nh5+
Kf7 67. f5 Nc6 68. Nf4 Ne7 69. Nh5 g6 70. fxg6+ Nxg6 71. Ng3 Nxh4 72. Nf5 Kf6
73. Nxh6 Kg5 74. Nf7+ Kf6 75. Ng5 Kxg5 1/2-1/2

[Event "PRO League Central 2017"]
[Site "chess.com INT"]
[Date "2017.01.11"]
[Round "1"]
[White "Kigigha, Bomo"]
[Black "Zhou, Yang-Fan"]
[Result "0-1"]
[WhiteTitle "FM"]
[BlackTitle "IM"]
[WhiteElo "2339"]
[BlackElo "2462"]
[WhiteTeam "Abuja Rockstars"]
[BlackTeam "London Lions"]
[WhiteFideId "8500037"]
[BlackFideId "468584"]
[EventDate "2017.01.11"]

1. c4 g6 2. g3 Bg7 3. Bg2 Nf6 4. Nf3 O-O 5. O-O d6 6. Nc3 e5 7. d3 Re8 8. Ne1 c6
9. e4 a6 10. Rb1 b5 11. b3 b4 12. Ne2 c5 13. Nc2 a5 14. a3 Nc6 15. a4 Nd4 16.
Ncxd4 cxd4 17. h3 Nd7 18. f4 Nc5 19. f5 Ra7 20. Kh2 Bf6 21. g4 Bh4 22. Ng1 Bg5
23. Bxg5 Qxg5 24. Nf3 Qe3 25. Ne1 gxf5 26. gxf5 f6 27. Rf3 Qh6 28. Rg3+ Rg7 29.
Rxg7+ Kxg7 30. Qe2 Rg8 31. Nf3 Kf8 32. Nd2 Qf4+ 33. Kh1 Qg3 34. Nf3 Bd7 35. Qd2
Nxd3 0-1

[Event "PRO League Central 2017"]
[Site "chess.com INT"]
[Date "2017.01.11"]
[Round "1"]
[White "Thorfinnsson, Bjorn"]
[Black "Lampert, Jonas"]
[Result "1-0"]
[WhiteTitle "IM"]
[BlackTitle "IM"]
[WhiteElo "2404"]
[BlackElo "2510"]
[WhiteTeam "Reykjavik Puffins"]
[BlackTeam "Hamburg Swashbucklers"]
[WhiteFideId "2300982"]
[BlackFideId "1303759"]
[EventDate "2017.01.11"]

1. c4 e6 2. g3 d5 3. Bg2 dxc4 4. Nf3 Nd7 5. O-O Ngf6 6. Qc2 a6 7. b3 cxb3 8.
axb3 Be7 9. Na3 O-O 10. Bb2 Rb8 11. Rfc1 c5 12. Nc4 Nd5 13. d4 Nb4 14. Qd2 Nc6
15. Rd1 b5 16. Ne3 Nf6 17. dxc5 Bxc5 18. Qc2 Qb6 19. Bxf6 Bxe3 20. Ng5 Bxg5 21.
Bxg5 Bb7 22. Be3 Qc7 23. Rdc1 Rbc8 24. Qc5 Rfd8 25. Bf4 Qd7 26. Qb6 e5 27. Bxe5
Nxe5 28. Bxb7 Rb8 29. Rc7 Qh3 30. Qxa6 Ng4 31. Bg2 Qxh2+ 32. Kf1 Qh5 33. Qa7 h6
34. Qc5 Qg6 35. Kg1 Qf6 36. Rc1 Rf8 37. Rc6 Qb2 38. Qc2 Qe5 39. Rc5 Qd6 40. Rd5
Qf6 41. Rf5 Qd6 42. Rd1 Qe7 43. Qe4 Qxe4 44. Bxe4 g6 45. Rc5 Rfe8 46. Bd3 Re5
47. Rdc1 b4 48. R5c4 Nf6 49. Ra1 Re7 50. Ra4 Reb7 51. e4 Rb6 52. e5 Nd7 53. f4
Nf8 54. Kf2 Ne6 55. Ke3 h5 56. Be4 Kg7 57. Bd5 Nd8 58. Rc7 Ne6 59. Raa7 Nxc7 60.
Rxc7 Rf8 61. e6 Kf6 62. exf7 Rd6 63. Bc4 Kg7 64. Rb7 Rc6 65. Rxb4 Rc7 66. Rb6
Re7+ 67. Kf3 Rd8 68. g4 hxg4+ 69. Kxg4 Red7 70. Kg5 Rd6 71. Rxd6 Rxd6 72. f5
gxf5 73. Kxf5 Rb6 74. Ke5 Kf8 75. Kd4 Ke7 76. Kc5 Rb8 77. b4 Kd7 78. b5 Rh8 79.
Bd5 Rf8 80. Bc6+ Kc7 81. Be8 Kb7 82. Kd6 Rh8 83. Ke7 Rh7 84. Kf6 Kb6 85. f8=Q
Rb7 86. Qd6+ Ka5 87. Qa6+ 1-0

[Event "PRO League Central 2017"]
[Site "chess.com INT"]
[Date "2017.01.11"]
[Round "1"]
[White "Thorfinnsson, Bjorn"]
[Black "Souleidis, Georgios"]
[Result "1/2-1/2"]
[WhiteTitle "IM"]
[BlackTitle "IM"]
[WhiteElo "2404"]
[BlackElo "2401"]
[WhiteTeam "Reykjavik Puffins"]
[BlackTeam "Hamburg Swashbucklers"]
[WhiteFideId "2300982"]
[BlackFideId "4206827"]
[EventDate "2017.01.11"]

1. d4 Nf6 2. Nf3 g6 3. Bg5 Bg7 4. e3 O-O 5. Bd3 d5 6. Nbd2 Nbd7 7. O-O c5 8. c3
b6 9. Re1 Bb7 10. b4 cxb4 11. cxb4 Ne4 12. Bh4 Re8 13. Rc1 Rc8 14. Qb3 Nxd2 15.
Nxd2 a6 16. a4 Nf6 17. b5 a5 18. Qb1 Qd6 19. Bg3 Qd7 20. h3 Red8 21. Rxc8 Rxc8
22. Rc1 Ne8 23. Be2 e6 24. Nb3 Bf8 25. h4 Ba3 26. Rc2 Nd6 27. h5 Ne4 28. hxg6
hxg6 29. Bh2 Bb4 30. f3 Nc3 31. Qf1 Nxa4 32. Rxc8+ Qxc8 33. Nc1 Bd2 34. Nd3
Bxe3+ 35. Kh1 Bxd4 36. Be5 Bxe5 37. Nxe5 Nc5 38. Qf2 Qc7 39. f4 Ne4 40. Qh4 a4
41. Bd3 g5 42. Qe1 gxf4 43. Bxe4 dxe4 44. Ng4 f5 45. Nf6+ Kf7 46. Nh5 f3 47. Qa1
fxg2+ 48. Kxg2 e3+ 49. Kh3 Kg6 50. Qf6+ Kxh5 51. Qg5+ Kxg5 1/2-1/2

[Event "PRO League Central 2017"]
[Site "chess.com INT"]
[Date "2017.01.11"]
[Round "1"]
[White "Kollars, Dmitrij"]
[Black "Thorfinnsson, Bragi"]
[Result "1/2-1/2"]
[WhiteTitle "IM"]
[BlackTitle "IM"]
[WhiteElo "2500"]
[BlackElo "2453"]
[WhiteTeam "Hamburg Swashbucklers"]
[BlackTeam "Reykjavik Puffins"]
[WhiteFideId "12909572"]
[BlackFideId "2300958"]
[EventDate "2017.01.11"]

1. e4 e5 2. Nf3 Nc6 3. Bb5 g6 4. d4 exd4 5. c3 d3 6. Qxd3 Bg7 7. O-O d6 8. c4
Ne7 9. Nc3 O-O 10. Be3 a6 11. Ba4 Bg4 12. Bd1 Bxf3 13. Bxf3 Ne5 14. Qe2 Nxf3+
15. Qxf3 Rb8 16. Rad1 b5 17. c5 b4 18. cxd6 bxc3 19. dxe7 Qxe7 20. bxc3 Bxc3 21.
Ba7 Rb7 22. Qxc3 Rxa7 23. Qc6 a5 24. Rd7 Qa3 25. Qc4 Rb7 26. e5 Qb4 27. Rxc7
Qxc4 28. Rxc4 Re8 29. f4 Rb2 30. Rf2 Rb1+ 31. Rf1 Rb2 32. a3 Rd8 33. Rc3 Rdd2
34. Rg3 Re2 35. h4 a4 36. Kh2 Kf8 37. Rc1 Re4 38. Rf3 Ree2 39. Rg3 Re4 40. Rc8+
Ke7 41. Rc7+ Ke6 42. Rc6+ Ke7 43. Rf6 Rf2 44. Rg4 h5 45. Kg1 Rb2 46. Rg3 Rb3 47.
Rxb3 axb3 48. Rb6 Rxf4 49. g3 Rf3 50. Kg2 Rc3 51. a4 Rc2+ 52. Kf3 Ra2 53. Rxb3
Rxa4 54. Rb6 Rc4 55. Ra6 Rc3+ 56. Kf4 Rc4+ 57. Kf3 Rc3+ 58. Kf4 Rc4+ 59. Kf3 1/2-1/2

[Event "PRO League Central 2017"]
[Site "chess.com INT"]
[Date "2017.01.11"]
[Round "1"]
[White "Kollars, Dmitrij"]
[Black "Thorfinnsson, Bjorn"]
[Result "0-1"]
[WhiteTitle "IM"]
[BlackTitle "IM"]
[WhiteElo "2500"]
[BlackElo "2404"]
[WhiteTeam "Hamburg Swashbucklers"]
[BlackTeam "Reykjavik Puffins"]
[WhiteFideId "12909572"]
[BlackFideId "2300982"]
[EventDate "2017.01.11"]

1. e4 e5 2. Nf3 Nc6 3. Bb5 Nge7 4. c3 d6 5. d4 Bd7 6. O-O Ng6 7. d5 Nb8 8. Bd3
Be7 9. c4 O-O 10. Nc3 a5 11. Be3 Na6 12. a3 c5 13. Nd2 Bg5 14. Bc2 Nc7 15. Bxg5
Qxg5 16. Kh1 b5 17. cxb5 Nxb5 18. Nc4 Nd4 19. Nxd6 Nh4 20. Rg1 Ra6 21. Nf5 Nhxf5
22. exf5 Rh6 23. g4 Qf4 24. Rg3 Qxf2 25. Rg2 Qf4 26. Ne2 Qe3 27. Nxd4 exd4 28.
Qd3 Qe5 29. Qe4 Re8 30. Qxe5 Rxe5 31. Bb3 Rh3 32. Rg3 Rxg3 33. hxg3 Re3 34. Bc4
Rxg3 35. Re1 Kf8 36. d6 d3 37. Re7 d2 38. Rxf7+ Ke8 39. Re7+ Kd8 40. Be2 Bc6+
41. Kh2 Rg2+ 42. Kh3 Rxe2 0-1

[Event "PRO League Central 2017"]
[Site "chess.com INT"]
[Date "2017.01.11"]
[Round "1"]
[White "Degraeve, Jean-Marc"]
[Black "Arkell, Keith C"]
[Result "0-1"]
[WhiteTitle "GM"]
[BlackTitle "GM"]
[WhiteElo "2591"]
[BlackElo "2438"]
[WhiteTeam "Marseille Migraines"]
[BlackTeam "London Towers"]
[WhiteFideId "600270"]
[BlackFideId "400270"]
[EventDate "2017.01.11"]

1. e4 c6 2. d4 d5 3. e5 c5 4. dxc5 Nc6 5. Nf3 Bg4 6. Nbd2 e6 7. h3 Bxf3 8. Nxf3
Bxc5 9. Bd3 Nge7 10. O-O Ng6 11. Qe2 O-O 12. c3 Bb6 13. Bxg6 fxg6 14. Be3 Rf5
15. Rad1 Bxe3 16. Qxe3 Qb6 17. Qe2 Raf8 18. Rfe1 g5 19. Rd3 h6 20. Re3 Rf4 21.
Rd1 a5 22. Rf1 Qc5 23. Ne1 Qc4 24. Qxc4 Rxc4 25. Nf3 b5 26. Rd1 b4 27. Kf1 a4
28. cxb4 Rxb4 29. Rc3 Ne7 30. Rd2 Ng6 31. g3 Rfb8 32. Rcc2 R4b6 33. Ke2 h5 34.
Nxg5 Nxe5 35. b3 axb3 36. axb3 Nf7 37. Nxf7 Kxf7 38. Rc7+ Kf6 39. Rd4 Rb4 40.
Rxb4 Rxb4 41. Rc3 g5 42. Kd3 h4 43. g4 Ke5 44. Kc2 Rf4 45. f3 Rb4 46. Re3+ Kf4
47. Rxe6 Kg3 48. Re5 Kxh3 49. Rxg5 Kg2 50. Rxd5 h3 51. Rh5 h2 52. Kc3 Rf4 53.
Rxh2+ Kxh2 54. b4 Kg3 55. g5 Kxf3 56. g6 Rg4 57. g7 Rxg7 58. Kd4 Rg5 59. Kc4 Ke4
60. b5 Ke5 61. Kc5 Ke6+ 62. Kc6 Rg1 63. b6 Rc1+ 0-1

[Event "PRO League Central 2017"]
[Site "chess.com INT"]
[Date "2017.01.11"]
[Round "1"]
[White "Degraeve, Jean-Marc"]
[Black "Ansell, Simon T"]
[Result "1-0"]
[WhiteTitle "GM"]
[BlackTitle "IM"]
[WhiteElo "2591"]
[BlackElo "2349"]
[WhiteTeam "Marseille Migraines"]
[BlackTeam "London Towers"]
[WhiteFideId "600270"]
[BlackFideId "402141"]
[EventDate "2017.01.11"]

1. e4 c5 2. Nf3 Nc6 3. Bb5 Nf6 4. Nc3 g6 5. Bxc6 dxc6 6. h3 Bg7 7. d3 O-O 8. Be3
b6 9. Qd2 e5 10. Bh6 Qd6 11. Bxg7 Kxg7 12. O-O Nh5 13. Ne2 f6 14. Nh2 Nf4 15.
Nxf4 exf4 16. Nf3 Bd7 17. Rfe1 Rae8 18. Qc3 Kg8 19. a3 a5 20. Qb3+ Be6 21. Qxb6
a4 22. Qa5 g5 23. Qc3 h5 24. e5 Qd5 25. exf6 Bxh3 26. Rxe8 Rxe8 27. Re1 Rxe1+
28. Qxe1 Bd7 29. Qe7 Qf7 30. Qxf7+ Kxf7 31. Ne5+ Ke6 32. f7 1-0

[Event "PRO League Central 2017"]
[Site "chess.com INT"]
[Date "2017.01.11"]
[Round "1"]
[White "Tan, Justin2"]
[Black "Adu, Oladapo"]
[Result "1-0"]
[WhiteTitle "IM"]
[BlackTitle "IM"]
[WhiteElo "2451"]
[BlackElo "2288"]
[WhiteTeam "London Lions"]
[BlackTeam "Abuja RockStars"]
[WhiteFideId "3206882"]
[BlackFideId "8500258"]
[EventDate "2017.01.11"]

1. e4 c5 2. Nf3 d6 3. d4 cxd4 4. Nxd4 Nf6 5. Nc3 a6 6. h3 e5 7. Nde2 Be6 8. g4
h6 9. Bg2 Nbd7 10. O-O Be7 11. a4 b6 12. Be3 Rc8 13. Qd2 Qc7 14. Ng3 Qc6 15.
Rac1 O-O 16. Nf5 Bxf5 17. exf5 Qc4 18. Kh1 Rfd8 19. f4 exf4 20. Rxf4 Qc7 21. Rd4
d5 22. Bf4 Bd6 23. Bxd6 Qxd6 24. Nxd5 Nc5 25. Rd1 Re8 26. Nxf6+ Qxf6 27. b3 Qe5
28. Qf4 Qxf4 29. Rxf4 Re2 30. Rc4 a5 31. Rd6 Rb8 32. Bf3 Re3 33. Kg2 Kf8 34. Kf2
Re5 35. Rc6 Ke7 36. Rc7+ Kf6 37. Rd4 g5 38. fxg6 fxg6 39. Rf4+ Ke6 40. Rc6+ Ke7
41. Rxg6 Ne6 42. Re4 Rxe4 43. Bxe4 Rf8+ 44. Ke3 Ng5 45. Rxh6 Rf1 46. Bd3 Rf3+
47. Kd4 Nxh3 48. Rxb6 Rf4+ 49. Ke5 Rxg4 50. Bf5 Rg5 51. Rb7+ Kd8 52. Kd6 1-0

[Event "PRO League Central 2017"]
[Site "chess.com INT"]
[Date "2017.01.11"]
[Round "1"]
[White "Tan, Justin2"]
[Black "Fawole, John Oyeyemi"]
[Result "1-0"]
[WhiteTitle "IM"]
[BlackTitle "FM"]
[WhiteElo "2451"]
[BlackElo "2186"]
[WhiteTeam "London Lions"]
[BlackTeam "Abuja Rockstars"]
[WhiteFideId "3206882"]
[BlackFideId "8501319"]
[EventDate "2017.01.11"]

1. e4 e5 2. Nf3 Nc6 3. Bb5 Nge7 4. O-O g6 5. c3 Bg7 6. d4 exd4 7. cxd4 a6 8. Ba4
O-O 9. d5 Na5 10. Nc3 b5 11. Bc2 d6 12. Rb1 Nc4 13. h3 h6 14. Re1 Bd7 15. Qd3 c5
16. b3 Nb6 17. Bf4 Nec8 18. Qd2 Kh7 19. e5 dxe5 20. Bxe5 Bxe5 21. Rxe5 Nd6 22.
Rh5 Kg7 23. Qxh6+ Kf6 24. Ng5 Rh8 25. Nge4+ 1-0

[Event "PRO League Central 2017"]
[Site "chess.com INT"]
[Date "2017.01.11"]
[Round "1"]
[White "Arkell, Keith C"]
[Black "Degraeve, Remy"]
[Result "1/2-1/2"]
[WhiteTitle "GM"]
[WhiteElo "2438"]
[BlackElo "2019"]
[WhiteTeam "London Towers"]
[BlackTeam "Marseille Migraines"]
[WhiteFideId "400270"]
[BlackFideId "26024560"]
[EventDate "2017.01.11"]

1. d4 Nf6 2. Nf3 c5 3. d5 b5 4. Bg5 d6 5. Bxf6 exf6 6. e3 a6 7. a4 b4 8. a5 g6
9. Nbd2 Bg7 10. Nc4 O-O 11. Nb6 Ra7 12. Nd2 Nd7 13. Nxc8 Qxc8 14. Nc4 f5 15.
Nxd6 Qc7 16. Nc4 Ne5 17. Ra2 f4 18. exf4 Nxc4 19. Bxc4 Qxf4 20. Be2 Be5 21. g3
Qe4 22. O-O Rd8 23. Bf3 Qc4 24. Qb1 Rb7 25. Re1 Bd4 26. Ra4 Qb5 27. Ra1 Rbb8 28.
Qa2 b3 29. cxb3 Qxb3 30. Qxb3 Rxb3 31. Be2 Rxb2 32. Rab1 Rxd5 33. Rxb2 Bxb2 34.
Bxa6 c4 35. Bxc4 Rxa5 36. Re7 Rf5 37. f4 h5 38. Kg2 h4 39. Kf3 hxg3 40. hxg3 Bc1
41. Ke4 Kf8 42. Rc7 Bd2 43. Bd5 Kg8 44. Rc2 Be3 45. Bxf7+ Rxf7 46. Kxe3 g5 47.
fxg5 Rf5 48. g6 Rg5 49. Kf4 Rxg6 50. Rc7 Ra6 51. g4 Ra8 52. Kf5 Rb8 53. Re7 Ra8
54. g5 Rb8 55. Re6 Ra8 56. Kg6 Rb8 57. Kh6 Ra8 58. Re7 Rb8 59. g6 Ra8 60. Rg7+
Kh8 61. Rh7+ Kg8 62. Re7 Rb8 1/2-1/2

[Event "PRO League Central 2017"]
[Site "chess.com INT"]
[Date "2017.01.11"]
[Round "1"]
[White "Beerdsen, Thomas"]
[Black "Perez, Flavio"]
[Result "0-1"]
[WhiteTitle "FM"]
[WhiteElo "2413"]
[BlackElo "2304"]
[WhiteTeam "Apeldoorn Apes"]
[BlackTeam "Cannes Blockbusters"]
[WhiteFideId "1030108"]
[BlackFideId "623911"]
[EventDate "2017.01.11"]

1. e4 c5 2. Nf3 e6 3. d4 cxd4 4. Nxd4 Nc6 5. Nc3 Qc7 6. Qd3 Nf6 7. Ndb5 Qb8 8.
Qg3 d6 9. Be3 a6 10. Nd4 Ne5 11. h3 Qc7 12. f4 Ned7 13. Bd3 b5 14. O-O Bb7 15.
a3 h5 16. Rae1 h4 17. Qf2 Be7 18. Nf3 Nc5 19. e5 Nfd7 20. Bd4 d5 21. f5 Qc6 22.
b4 Nxd3 23. cxd3 exf5 24. e6 fxe6 25. Qe3 O-O 26. Qxe6+ Qxe6 27. Rxe6 Rf7 28.
Rfe1 Bd8 29. Re8+ Rf8 30. R8e6 Rc8 31. Ne2 a5 32. Nf4 axb4 33. axb4 Rf7 34. Re8+
Nf8 35. Ne5 Bf6 36. Nxf7 Bxd4+ 37. Kh1 Rxe8 38. Rxe8 Kxf7 39. Rxf8+ Kxf8 40.
Ne6+ Kf7 41. Nxd4 Kf6 42. Nxb5 Ba6 43. Nc7 Bxd3 44. Nxd5+ Ke5 45. Ne7 g5 46. Kg1
Bb5 47. Kf2 Bd7 48. Ng8 Ke6 49. g3 Kf7 50. gxh4 gxh4 51. Nh6+ Kg7 52. Nxf5+ Bxf5
53. Kf3 Kg6 54. b5 Bc8 55. Kf4 Kh5 56. b6 Bb7 57. Kf5 Ba8 58. Kf6 Bg2 59. Ke5
Kg5 60. Kd4 Kf4 0-1

[Event "PRO League Central 2017"]
[Site "chess.com INT"]
[Date "2017.01.11"]
[Round "1"]
[White "Beerdsen, Thomas"]
[Black "Libiszewski, Fabien"]
[Result "1-0"]
[WhiteTitle "FM"]
[BlackTitle "GM"]
[WhiteElo "2413"]
[BlackElo "2545"]
[WhiteTeam "Apeldoorn Apes"]
[BlackTeam "Cannes Blockbusters"]
[WhiteFideId "1030108"]
[BlackFideId "616834"]
[EventDate "2017.01.11"]

1. e4 e6 2. d4 d5 3. Nd2 c5 4. Ngf3 Nc6 5. exd5 exd5 6. Bb5 Qe7+ 7. Be2 Nf6 8.
O-O Qc7 9. Re1 cxd4 10. Nxd4 Be7 11. Nb5 Qb8 12. c4 O-O 13. cxd5 Nxd5 14. Bf3
Rd8 15. Nb3 Nf6 16. Qc2 Bb4 17. Rd1 Rxd1+ 18. Qxd1 Qe5 19. N5d4 Nxd4 20. Nxd4
Bg4 21. Be3 Bxf3 22. Nxf3 Qd5 23. Qa4 Qe4 24. Rd1 a6 25. h3 b5 26. Qb3 Qe7 27.
Ng5 Rf8 28. a3 Bc5 29. Bxc5 Qxc5 30. Nxf7 Qc4 31. Qxc4 bxc4 32. Ne5 c3 33. bxc3
Ne4 34. c4 Nxf2 35. Rd4 Re8 36. Nd7 Ne4 37. c5 Nc3 38. Rc4 Nb5 39. c6 Nc7 40.
Rb4 Re6 41. Rb7 Nd5 42. c7 Nxc7 43. Rxc7 Re3 44. a4 Ra3 45. Nc5 a5 46. Ra7 h5
47. Rxa5 h4 48. Ra7 Rc3 49. Ne4 Rc1+ 50. Kf2 Kh7 51. Ra6 Ra1 52. Ng5+ 1-0

[Event "PRO League Central 2017"]
[Site "chess.com INT"]
[Date "2017.01.11"]
[Round "1"]
[White "Ladokun, Kolawole Akinyemi"]
[Black "Maze, Sebastien"]
[Result "0-1"]
[BlackTitle "GM"]
[WhiteElo "1934"]
[BlackElo "2613"]
[WhiteTeam "Lagos Leatherbacks"]
[BlackTeam "Dublin Desperados"]
[WhiteFideId "8501467"]
[BlackFideId "613762"]
[EventDate "2017.01.11"]

1. d4 Nf6 2. Nf3 g6 3. Bf4 Bg7 4. e3 d6 5. h3 O-O 6. Be2 Nbd7 7. O-O b6 8. Nbd2
Bb7 9. c3 Ne8 10. e4 e5 11. Bg3 Qe7 12. Qc2 f5 13. Bh4 Bf6 14. Bxf6 Ndxf6 15.
dxe5 Nxe4 16. exd6 N8xd6 17. Nxe4 fxe4 18. Qb3+ Kg7 19. Nd4 e3 20. Ne6+ Kh6 21.
Nxf8 Rxf8 22. f3 Nf5 23. Qb4 c5 24. Qg4 Kg7 25. Rad1 h5 26. Qf4 Rf7 27. g4 Qh4
28. Qe5+ Kh6 29. gxf5 Rxf5 30. Qxe3+ Rg5+ 31. Qxg5+ Qxg5+ 32. Kf2 Qh4+ 33. Ke3
Qxh3 34. Rg1 Qe6+ 35. Kf2 Qe5 36. Rd7 Bc8 37. Rxa7 Bh3 38. Rg3 Bf5 39. Rb7 h4
40. Rg1 h3 41. Rh1 Qf6 42. b3 Qh4+ 43. Ke3 Qg3 44. Bc4 Qg2 45. Rd1 h2 46. Bg8
Qg1+ 47. Kf4 Qg5+ 48. Ke5 Bc8+ 0-1

[Event "PRO League Central 2017"]
[Site "chess.com INT"]
[Date "2017.01.11"]
[Round "1"]
[White "Ladokun, Kolawole Akinyemi"]
[Black "Moran, Stephen"]
[Result "0-1"]
[WhiteElo "1934"]
[BlackElo "2158"]
[WhiteTeam "Lagos Leatherbacks"]
[BlackTeam "Dublin Desperados"]
[WhiteFideId "8501467"]
[BlackFideId "2501872"]
[EventDate "2017.01.11"]

1. d4 Nf6 2. Nf3 g6 3. Bf4 Bg7 4. e3 d6 5. h3 O-O 6. Be2 c5 7. c3 Be6 8. O-O Qb6
9. Qc1 Rc8 10. Nbd2 cxd4 11. exd4 Nd5 12. Bg5 h6 13. Bh4 Nf4 14. Re1 Nxe2+ 15.
Rxe2 Nc6 16. Nf1 Bc4 17. Re1 Bd5 18. N3h2 g5 19. Bg3 Be6 20. Qd2 Bf5 21. Ne3 Bg6
22. h4 f5 23. hxg5 hxg5 24. Nd5 Qb5 25. Nxe7+ Nxe7 26. Qxg5 Re8 27. Bxd6 Nc8 28.
Qxg6 Rxe1+ 29. Rxe1 Nxd6 30. Qxd6 Qxb2 31. Qd5+ Kh8 32. Re3 Qc1+ 33. Nf1 Rg8 34.
Rh3+ Bh6 35. Qxf5 b6 36. Qf6+ Kh7 0-1

[Event "PRO League Central 2017"]
[Site "chess.com INT"]
[Date "2017.01.11"]
[Round "1"]
[White "Lampert, Jonas"]
[Black "Karlsson, Bjorn-Ivar"]
[Result "1-0"]
[WhiteTitle "IM"]
[BlackTitle "FM"]
[WhiteElo "2510"]
[BlackElo "2315"]
[WhiteTeam "Hamburg Swashbucklers"]
[BlackTeam "Reykjavik Puffins"]
[WhiteFideId "1303759"]
[BlackFideId "2301687"]
[EventDate "2017.01.11"]

1. d4 d5 2. c4 c6 3. Nf3 Nf6 4. Nbd2 Bf5 5. Nh4 Be4 6. Qb3 Qc7 7. Nxe4 Nxe4 8.
Nf3 e6 9. e3 Qa5+ 10. Bd2 Nxd2 11. Nxd2 Bb4 12. Rd1 Nd7 13. a3 Bxd2+ 14. Rxd2
Rb8 15. Be2 O-O 16. Qc2 Rfe8 17. O-O dxc4 18. Bxc4 Nb6 19. Bd3 h6 20. Rc1 e5 21.
dxe5 Qxe5 22. Bf1 Nd5 23. Rcd1 a6 24. h3 Re7 25. Bc4 Nf6 26. Qb3 Rbe8 27. Rd8
Qc7 28. Rxe8+ Rxe8 29. Qd3 b5 30. Ba2 Re7 31. Qd6 Qxd6 32. Rxd6 Rc7 33. Rd8+ Kh7
34. Kf1 a5 35. Rf8 Nd5 36. g3 g6 37. Bxd5 cxd5 38. Rb8 b4 39. axb4 Rc1+ 40. Kg2
a4 41. Ra8 Rb1 42. Rxa4 Rxb2 43. Ra7 Kg7 44. Rb7 Kf6 45. Kf3 h5 46. h4 Ke6 47.
b5 Rb3 48. Kf4 Rb4+ 49. Kg5 Rb2 50. f3 Rb3 51. Rb6+ Ke7 52. Kf4 f6 53. Rb8 Rb4+
54. e4 d4 55. b6 Kf7 56. g4 hxg4 57. fxg4 Rb3 58. g5 fxg5+ 59. hxg5 Kg7 60. Rb7+
Kg8 61. Ke5 d3 62. Kf6 d2 63. Kxg6 Kf8 64. Rd7 Rxb6+ 65. Kf5 Rb2 66. e5 Ke8 67.
e6 Ra2 68. Kf6 Rb2 69. Rh7 Kd8 70. Rh8+ Kc7 71. Rh1 Kd8 72. e7+ Kd7 73. Kf7 Rb8
74. Rd1 1-0